000 00664nam a2200181Ia 4500
003 GCL
008 140319s9999 xx 000 0 ara d
040 _aGCL /
_cGCL
082 0 4 _a251.1
_bع ش
100 1 _aعبدالحسين محمد على
245 1 0 _aشرائع الاسلام فى مسائل الحلال والحرام ج1 /
_cعبدالحسين محمد على
700 1 _aالحلى : نجم الدين ابو القاسم جعفر بن الحسن بن يحيى بن الحسين الهدبى
490 _a
650 0 4 _aالاسلام
650 0 4 _aالشريعة الاسلامية
650 0 4 _aالفقه الاسلامى
942 _2ddc
_cBK
999 _c40223
_d40223